Childs and another v Vernon (Record no. 79144)
[ view plain ]
| 000 -LEADER | |
|---|---|
| fixed length control field | 01817cad a22001935a 4500 |
| 001 - CONTROL NUMBER | |
| control field | L139955 |
| 008 - FIXED-LENGTH DATA ELEMENTS--GENERAL INFORMATION | |
| fixed length control field | 070822e20070316xxk f w 000 0 eng d |
| 035 ## - SYSTEM CONTROL NUMBER | |
| System control number | (Sirsi) u139955 |
| 041 0# - LANGUAGE CODE | |
| Language code of text/sound track or separate title | eng |
| 245 00 - TITLE STATEMENT | |
| Title | Childs and another v Vernon |
| Medium | [electronic resource] |
| 260 ## - PUBLICATION, DISTRIBUTION, ETC. | |
| Date of publication, distribution, etc. | 2007 |
| 520 ## - SUMMARY, ETC. | |
| Summary, etc. | [2007] EWCA Civ 305, 16 March 2007. The appellant property owner (V) appealed against boundary dispute decisions against the respondents (B) and (C). Before purchasing the freehold of his property, V had erected a lean-to. B complained it encroached upon her property. In the border dispute V claimed B had trespassed upon his property while B counterclaimed that V had damaged hers by encroachment. V's other neighbour C claimed that a fence built by V had encroached upon his land. V's contention that the boundaries could be established from original plans was rejected by the expert witness. It was held that V's fence was on C's land and that V's lean-to encroached upon B's land. V was instructed to remove the encroaching parts. "Held": It was improper that C had held discussions with the expert witness in the absence of V. However the decision regarding the fence was reached without the benefit of this evidence and was allowed to stand. V had not been property owner during the construction of his lean-to and so had acted for his landlord, not himself. Therefore although the decision regarding boundary was correct, the order to remove parts of the lean-to was quashed. Judgment accordingly. |
| 590 ## - LOCAL NOTE (RLIN) | |
| Local note | KA |
| 650 24 - SUBJECT ADDED ENTRY--TOPICAL TERM | |
| Topical term or geographic name entry element | CHILDS AND ANOTHER V VERNON |
| 651 #4 - SUBJECT ADDED ENTRY--GEOGRAPHIC NAME | |
| Geographic name | England and Wales |
| Chronological subdivision | 1543- |
| 690 ## - LOCAL SUBJECT ADDED ENTRY--TOPICAL TERM (OCLC, RLIN) | |
| Topical term or geographic name as entry element | PROPERTY-PROPERTY MANAGEMENT-BOUNDARY DETERMINATION-BOUNDARIES |
| 856 40 - ELECTRONIC LOCATION AND ACCESS | |
| Uniform Resource Identifier | <a href="https://www.bailii.org/ew/cases/EWCA/Civ/2007/305.html">https://www.bailii.org/ew/cases/EWCA/Civ/2007/305.html</a> |
| Public note | View the judgment free of charge at www.bailii.org... |
| 942 ## - ADDED ENTRY ELEMENTS (KOHA) | |
| Suppress in OPAC | 0 |
| Withdrawn status | Lost status | Source of classification or shelving scheme | Damaged status | Not for loan | Home library | Current library | Shelving location | Date acquired | Total Checkouts | Full call number | Barcode | Date last seen | Copy number | Price effective from | Koha item type |
|---|---|---|---|---|---|---|---|---|---|---|---|---|---|---|---|
| Dewey Decimal Classification | Virtual | Virtual | Online | 22/08/2007 | ONLINE PUBLICATION | 139955-1001 | 06/08/2019 | 1 | 06/08/2019 | Law report |